| 000 | 01323nam0a22003251 4500 | ||
|---|---|---|---|
| 001 | rc\2225158 | ||
| 005 | 20260406214126.0 | ||
| 035 | _a(NLR Aleph) 006544605 | ||
| 090 |
_a6673771 _c6673771 |
||
| 100 | _a20110826d1978 |||y0rusy50 ca | ||
| 101 | 0 | _arus | |
| 102 | _aRU | ||
| 105 | _aa z ||||| | ||
| 200 | 1 |
_aСтруктура почвенного покрова и использование почвенных ресурсов _e[Сб. статей] _fАН СССР, Всесоюз. о-во почвоведов, Ин-т географии _g[Отв. ред. д. г. н. В.М. Фридланд] |
|
| 210 |
_aМосква _cНаука _d1978 |
||
| 215 |
_a215 с. _cил. _d26 |
||
| 320 | _aБиблиогр. в конце статей | ||
| 606 |
_aПочвы _jСборники _xСтруктура _2psbo |
||
| 606 |
_aПлодородие почвы _jСборники _2psbo |
||
| 686 |
_aП035.1я43 _2rubbk |
||
| 702 | 1 |
_aФридланд _bВ.М. _gВладимир Маркович _4340 |
|
| 712 | 0 | 2 |
_4570 _aВсесоюзное общество почвоведов _3RU\NLR\AUTH\889971841 _9440237 |
| 801 | 0 |
_aRU _bNLR _gpsbo |
|
| 801 | 1 |
_aRU _bELAR _2rusmarc |
|
| 852 |
_aNLR _j78-7/906 |
||
| 899 |
_aRuMoRGB _jБ 78-13/293 |
||
| 899 |
_aRuMoRGB _jБ 78-13/294 |
||
| 942 | _cBOOK | ||
| 980 | _aNB | ||